01747nam a2200469 i 4500001000700000003000800007005001700015006001900032007001500051008004100066020002700107020001800134035002300152035002400175035002500199035002100224040003100245050002100276080000700297082001600304100002400320245011500344250002300459264006900482300004100551336003100592337003300623338004300656490004800699500002200747504002800769588012600797650003600923650002700959650004100986650003601027655002701063700003901090700003701129830004901166856006201215116218FlNmELB20241217174755.0m o d | cr cnu||||||||140825s2009 sp ob 001 0 spa d a9788474765106 (e-book) z9788474764802 a(MiAaPQ)EBC3222668 a(Au-PeEL)EBL3222668 a(CaPaEBR)ebr10903317 a(OCoLC)992113222 aFINmELBbspaerdacFINmELB 4aJA73b.An29 2009 a320 a320.0722231 aAnduiza Perea, Eva.10aMetodología de la ciencia política /cEva Anduiza Perea, Ismael Crespo Martínez, Mónica Méndez Lago. aSegunda edición. 1aMadrid :bCIS - Centro de Investigaciones Sociológicas,c2009. a1 recurso en línea (146 páginas) atextobtxt2rdacontent/spa acomputadorabc2rdamedia/spa arecurso en líneabcr2rdacarrier/spa1 aColección Cuadernos Metodológicos ;v28 aIncluye índice. aIncluye bibliografía. aDescripción basada en recurso en línea; Título de la página del título en PDF (e-libro, visto August 25, 2014). 0aPolitical SciencexMethodology. 0aResearchxMethodology. 4aCiencias políticasxMetodología. 4aInvestigaciónxMetodología. 4aLibros electrónicos.1 aCrespo Martínez, Ismael,eautor.1 aMéndez Lago, Mónica,eautor. 0aColección Cuadernos Metodológicos ;v28.40uhttps://elibro.net/ereader/politecnicointernacional/52032